Shipping English-French - Statistiques

Statistiques générales
  • Ce quiz a été pris 11 fois
  • Le résultat moyen est 5 sur 26
Statistiques - réponses
Hint Réponse % Correct
to deduct déduire
89%
to deliver livrer
67%
an order une commande
56%
to check vérifier
56%
deadline date limite
44%
damaged endommagé
33%
the mailman le facteur
33%
a package un paquet
33%
out of stock en rupture de stock
22%
the invoice la facture
22%
to ship envoyer
11%
a parcel un colis
11%
inquiry demande de renseignements
0%
discrepancy différence / écart
0%
in bulk en gros
0%
behind schedule en retard
0%
overdue en retard
0%
to forward envoyer
0%
to dispatch expédier
0%
billing la facturation
0%
handling la manutention
0%
shipping fees les frais d’envoi
0%
to arrange for organiser / fixer
0%
an item un article
0%
a credit note un avoir
0%
commodity une denrée
0%
Aucun quiz correspondant
Distribution des résultats
% des personnes avec chaque résultat
Percentile par nombre de réponses
Votre historique - résultats
Vous n’avez pas pris ce quiz